Infusing innovation into organizations : a systems engineering approach /

Bibliographic Details
Corporate Author: Taylor & Francis
Other Authors: Darrin, M. Ann Garrison (Editor), Krill, Jerry A. (Editor)
Format: eBook
Language:English
Published: Boca Raton : CRC Press, [2016]
Subjects:
Online Access:Connect to the full text of this electronic book

MARC

Tag First Indicator Second Indicator Subfields
LEADER 00000cam a2200000 i 4500
001 in00005680430
005 20260205203156.9
006 m o d
007 cr unu||||||||
008 201001s2016 flua ob 001 0 eng d
040 |a UMI  |b eng  |e rda  |e pn  |c UMI  |d OCLCF  |d OCLCQ  |d OCLCO  |d OCLCQ  |d OCLCO  |d OCLCQ  |d OCLCL 
020 |a 9781498788298 
020 |a 1498788297 
020 |a 9780429154492 
020 |a 0429154496 
020 |z 9781498732512 
035 |a (OCoLC)1198377341 
037 |a CL0501000147  |b Safari Books Online 
050 4 |a TA216 
082 0 4 |a 658/.57  |q OCoLC  |2 23/eng/20230216 
049 |a TXAM 
245 0 0 |a Infusing innovation into organizations :  |b a systems engineering approach /  |c edited by M. Ann Garrison Darrin, Jerry A. Krill. 
264 1 |a Boca Raton :  |b CRC Press,  |c [2016] 
264 4 |c ©2016 
300 |a 1 online resource (1 volume) :  |b illustrations 
336 |a text  |b txt  |2 rdacontent 
337 |a computer  |b c  |2 rdamedia 
338 |a online resource  |b cr  |2 rdacarrier 
588 0 |a Print version record. 
504 |a Includes bibliographical references and index. 
505 0 |a Systemic approach to enhancing innovation for an R & D organization / M. Ann Garrison Darrin and Jerry A. Krill -- Foundational principles of innovation applicable to systemic R & D activities and organizations / Jerry A. Krill -- Systemic framework for enabling the innovative organization / Jerry A. Krill -- Developing and implementing a framework for innovation / Jerry A. Krill -- Innovation metrics and indicators as inputs to strategy / Jerry A. Krill -- Global awareness -- breathing fresh external ideas into innovation / Jerry A. Krill and M. Ann Garrison Darrin -- Developing the human experience / Paula Palmer -- Knowledge enrichment and sharing / Kristopher Bell -- All challenges -- and innovations -- great and small / Elinor Fong -- Resourcing -- integral to systemic innovation / Ann Kedia -- The organizational landscape for innovation / M. Ann Garrison Darrin -- Design thinking / Thomas Heffner and Dennis O. Smith -- Design exploration -- the art of prototyping and mockups to inspire ideas / Robert A. Berardino -- Not your public library's MakerSpace: the nuts and bolts of a physical place / Elizabeth Congdon -- Engineering innovation: electronics lab/MakerSpace / Scott Almes -- The role of virtual reality -- alternate prototyping methods / Scott Simpkins -- Innovation examples -- different approaches, common principles / Erik W. Johnson -- Bringing in agile -- building the fast track / Philip M. Huang -- Transitioning innovations / Norma Lee Todd -- Leading innovation into the future / Larry Paxton and Shannon Rodriguez -- Sustaining innovation / Larry Paxton. 
650 0 |a Engineering firms  |x Management. 
650 0 |a Organizational change. 
650 0 |a Systems engineering. 
650 6 |a Sociétés d'ingénieurs-conseils  |x Gestion. 
650 6 |a Changement organisationnel. 
650 6 |a Ingénierie des systèmes. 
650 7 |a systems engineering.  |2 aat 
650 7 |a Engineering firms  |x Management  |2 fast 
650 7 |a Organizational change  |2 fast 
650 7 |a Systems engineering  |2 fast 
655 7 |a Electronic books.  |2 local 
700 1 |a Darrin, M. Ann Garrison,  |e editor. 
700 1 |a Krill, Jerry A.,  |e editor. 
710 2 |a Taylor & Francis. 
758 |i has work:  |a Infusing Innovation into Organizations (Text)  |1 https://id.oclc.org/worldcat/entity/E39PCH6KkW6KRHrjtTfCR78qcd  |4 https://id.oclc.org/worldcat/ontology/hasWork 
776 0 8 |i Print version:  |t Infusing innovation into organizations.  |d Boca Raton : CRC Press, Taylor & Francis Group, CRC Press is an imprint of the Taylor & Francis Group, an informa business, [2016]  |z 9781498732512  |w (DLC) 2016462225  |w (OCoLC)920452872 
856 4 0 |u http://proxy.library.tamu.edu/login?url=https://www.taylorfrancis.com/books/9780429154492  |z Connect to the full text of this electronic book  |t 0 
955 |a Taylor and Francis ENGnetBASE 
994 |a 92  |b TXA 
999 f f |i 976ca70b-6d4b-4ea2-a4bd-e85cc49f8bb9  |s 41f7994d-2697-4146-99ed-b6e534b934f2  |t 0 
952 f f |a Texas A&M University  |b College Station  |c Electronic Resources  |s www_evans  |d Available Online  |t 0  |e TA216   |h Library of Congress classification 
998 f f |a TA216   |t 0  |l Available Online